The English legal system . (Record no. 478859)

000 -LEADER
fixed length control field 00891cam a2200313 a 4500
001 - CONTROL NUMBER
control field 16540825
003 - CONTROL NUMBER IDENTIFIER
control field NUST
005 - DATE AND TIME OF LATEST TRANSACTION
control field 20180808091546.0
008 - FIXED-LENGTH DATA ELEMENTS--GENERAL INFORMATION
fixed length control field 101117s2010 enka 001 0 eng
010 ## - LIBRARY OF CONGRESS CONTROL NUMBER
LC control number 2010485003
020 ## - INTERNATIONAL STANDARD BOOK NUMBER
International Standard Book Number 9781444107586
038 ## - RECORD CONTENT LICENSOR
Staff Name 0
040 ## - CATALOGING SOURCE
Original cataloging agency DLC
Transcribing agency DLC
042 ## - AUTHENTICATION CODE
Authentication code pcc
043 ## - GEOGRAPHIC AREA CODE
Geographic area code e-uk-en
-- e-uk-wl
050 00 - LIBRARY OF CONGRESS CALL NUMBER
Classification number KD661
Item number .M373 2010
082 00 - DEWEY DECIMAL CLASSIFICATION NUMBER
Classification number 349.42
Edition number 22
100 1# - MAIN ENTRY--PERSONAL NAME
Personal name Martin, Jacqueline,
Dates associated with a name 1945-
9 (RLIN) 12260
245 14 - TITLE STATEMENT
Title The English legal system .
Statement of responsibility, etc. Jacqueline Martin.
250 ## - EDITION STATEMENT
Edition statement 7th ed.
260 ## - PUBLICATION, DISTRIBUTION, ETC.
Place of publication, distribution, etc. [London] :
Name of publisher, distributor, etc. Hodder Education,
Date of publication, distribution, etc. 2013.
300 ## - PHYSICAL DESCRIPTION
Extent xix, 308 p. :
Other physical details ill. (some col.) ;
Dimensions 25 cm.
500 ## - GENERAL NOTE
General note Includes index.
650 #0 - SUBJECT ADDED ENTRY--TOPICAL TERM
Topical term or geographic name entry element Law
Geographic subdivision England.
9 (RLIN) 12261
650 #0 - SUBJECT ADDED ENTRY--TOPICAL TERM
Topical term or geographic name entry element Law
Geographic subdivision Wales.
9 (RLIN) 12262
906 ## - LOCAL DATA ELEMENT F, LDF (RLIN)
a 7
b cbc
c orignew
d 2
e ncip
f 20
g y-gencatlg
942 ## - ADDED ENTRY ELEMENTS (KOHA)
Source of classification or shelving scheme
Koha item type Book
Call number suffix 349.42
Holdings
Withdrawn status Lost status Source of classification or shelving scheme Damaged status Not for loan Collection code Permanent Location Current Location Shelving location Date acquired Full call number Barcode Date last seen Price effective from Koha item type
            NUST Law School (NLS) NUST Law School (NLS) General Stacks 08/08/2018 349.42 MAR 2013 NBSD-3060 08/08/2018 08/08/2018 Book
© 2023 Central Library, National University of Sciences and Technology. All Rights Reserved.